Philosophia christiana cum antiqua et nova comparata / (Record no. 164725)

MARC details
000 -LEADER
campo de control de longitud fija 00646nam a22001575i 4500
001 - NÚMERO DE CONTROL
campo de control 164725
003 - IDENTIFICADOR DE NÚMERO DE CONTROL
campo de control ES-MaACL
005 - FECHA Y HORA DE LA ÚLTIMA TRANSACCIÓN
campo de control 20230906213005.0
008 - DATOS DE LONGITUD FIJA--INFORMACIÓN GENERAL
campo de control de longitud fija 981002m18621866it |||| | lat d
040 ## - FUENTE DE CATALOGACIÓN
Centro catalogador/agencia de origen AS
Lengua de catalogación spa
Centro/agencia transcriptor CCPB | 3D
100 1# - ENTRADA PRINCIPAL--NOMBRE DE PERSONA
Nombre de persona Sanseverino, Caietano.
9 (RLIN) 132417
245 10 - MENCIÓN DEL TÍTULO
Título Philosophia christiana cum antiqua et nova comparata /
Mención de responsabilidad, etc. auctore Caietano Sanseverino.
260 ## - PUBLICACIÓN, DISTRIBUCIÓN, ETC.
Lugar de publicación, distribución, etc. Neapoli :
Nombre del editor, distribuidor, etc. [s.n.],
Fecha de publicación, distribución, etc. 1862-1866 (
Fabricante Typis Vincentii Manfredi)
300 ## - DESCRIPCIÓN FÍSICA
Extensión 6 v. ;
Dimensiones 23 cm.
852 ## - LOCALIZACIÓN
Ubicación ES-MaACL
Número de control de estantería G-11900-11901
Nota libre -- Enc. hol.
condición física -- Contiene unicamente Logicae pars I, Vol.I, 1862 (160, CMIII p.) y Dynamilogiae, Vol.I, 1862 ([4], p. 305-1569)
Holdings
Estatus retirado Estado de pérdida Estado de daño No para préstamo Colección Biblioteca de origen Biblioteca actual Ubicación en estantería Fecha de adquisición Fuente de adquisición Total de préstamos Signatura topográfica completa Código de barras Visto por última vez Precio de reemplazo Tipo de ítem Koha
        Libros del s. XIX Biblioteca del Ateneo de Madrid Biblioteca del Ateneo de Madrid Sala Pecera Planta 3 17/01/2008     G-11900-11901 1172674 23/02/2023 23/02/2023 Libro impreso antiguo